00497nam a2200133 4500008004100000020001800041050002200059100001600081245010100097260004900198300004600247500005100293650001900344171206b xxu||||| |||| 00| 0 eng d a9780761942160 aLB 2369 .H37 2013 aHart, Chris aDoing your masters dissertation :b realizing your potential as a social scientist /cChris Hart a Los Angeles [u.a.] : bSAGE Publ., c20013. a xiii, 481 S. : bgraph. Darst. ;c24 cm. aIncludes bibliographical references and index. aDissertation.